000 00892nam a2200253Ia 4500
003 OSt
005 20220923213229.0
006 a|||||r|||| 00| 0
007 ta
008 220922b |||||||| |||| 00| 0 hin d
024 _a160,037
037 _cTextual
040 _aARTS
_cARTS
_bhin
041 _2hin
_ahin
082 _aO152,1:g(S), K6
100 _aसूरती, उर्वशी ज0
_9162980
245 0 _aआघुनिक हिन्दी कविता में मनोविज्ञान
246 _aĀghunik hindī kavitā mean hinovijnyāna
260 _aकानपुर
_b अनुसंधान प्रकाशन
_c1966
300 _a400पृ.
_ccm.
650 _aहिन्दी साहित्य
_9156264
942 _hO152,1:g(S), K6
_cTEXL
_2CC
999 _c314784
_d314784